Geografia USA i Kanady na mapie - Statystyki

Ogólne statystyki
  • Ten quiz został rozwiązany 14 razy
  • Średni wynik to 27 z 155
Odpowiedzi na mapie
Odpowiedzi zakodowano w zielono-czerwonej skali na mapie do tego quizu, zgodnie z poniższymi procentami.
 
Statystyki odpowiedzi
Grupa Odpowiedź % Poprawnych
półwysep Floryda
85%
stan Montana
77%
stan Luizjana
69%
jezioro Michigan
69%
miasto Nowy Jork
69%
stan Nowy Meksyk
69%
szczyt Denali
62%
miasto Miami
62%
rzeka Missisipi
62%
rzeka Missouri
62%
zbiornik wodny Cieśnina Hudsona
54%
jezioro Erie
54%
jezioro Górne
54%
jezioro Huron
54%
rzeka Jukon
54%
stan Iowa
46%
stan Karolina Południowa
46%
miasto olimpijskie Los Angeles
46%
jezioro Ontario
46%
miasto Toronto
46%
miasto olimpijskie Calgary
38%
rzeka Kolorado
38%
miasto olimpijskie Montreal
38%
rzeka Rio Grande
38%
miasto Seattle
38%
rzeka Świętego Wawrzyńca
38%
stan Wirginia Zachodnia
38%
zbiornik wodny Zatoka Maine
38%
zbiornik wodny Zatoka Świętego Wawrzyńca
38%
stolica Boston
31%
miasto Chicago
31%
miasto Houston
31%
stan Manitoba
31%
zbiornik wodny Morze Beringa
31%
stan Nowa Fundlandia i Labrador
31%
rzeka Ohio
31%
miasto olimpijskie | wyspa Vancouver
31%
jezioro Wielkie Jezioro Niewolnicze
31%
zbiornik wodny Zatoka Alaska
31%
zbiornik wodny Zatoka Hudsona
31%
zbiornik wodny Zatoka San Francisco
31%
rzeka Arkansas
23%
miasto olimpijskie Atlanta
23%
stan Connecticut
23%
stolica Denver
23%
miasto Detroit
23%
stolica Indianapolis
23%
stan New Hampshire
23%
miasto Nowy Orlean
23%
zbiornik wodny Ocean Spokojny
23%
stolica Phoenix
23%
stolica Quebec
23%
jezioro Wielkie Jezioro Niedźwiedzie
23%
stan Wyspa Księcia Edwarda
23%
park narodowy Yellowstone
23%
miasto Albuquerque
15%
wyspa Aleuty
15%
miasto Anchorage
15%
rzeka Mackenzie
15%
miasto Minneapolis
15%
zbiornik wodny Morze Czukockie
15%
zbiornik wodny Ocean Arktyczny
15%
zbiornik wodny Ocean Atlantycki
15%
miasto olimpijskie Saint Louis
15%
miasto olimpijskie Salt Lake City
15%
miasto Saskatoon
15%
jezioro Wielkie Jezioro Słone
15%
jezioro Winnipeg
15%
zbiornik wodny Zatoka Baffina
15%
zbiornik wodny Zatoka Meksykańska
15%
jezioro Athabaska
8%
stolica Boise
8%
miasto Buffalo
8%
stolica Des Moines
8%
stolica Edmonton
8%
wyspa Ellesmere'a
8%
park narodowy Everglades
8%
stolica Halifax
8%
stolica Honolulu
8%
rzeka Kolumbia
8%
miasto olimpijskie Lake Placid
8%
miasto Las Vegas
8%
wyspa Long Island
8%
półwysep Lower Peninsula
8%
miasto Memphis
8%
wyspa Oʻahu
8%
miasto olimpijskie Palisades Tahoe
8%
miasto Portland
8%
rzeka Potomak
8%
zbiornik wodny Przejście Północno-Zachodnie
8%
rzeka Red
8%
stolica Richmond
8%
miasto San Jose
8%
miasto Tulsa
8%
półwysep Upper Peninsula
8%
stolica Whitehorse
8%
wyspa Anticosti
0%
stolica Augusta
0%
park narodowy Banff
0%
wyspa Banksa
0%
wyspa Bathursta
0%
miasto Billings
0%
wyspa Cape Breton
0%
półwysep Cape Cod
0%
zbiornik wodny Chesapeake
0%
zbiornik wodny Cieśnina Davis
0%
miasto Cincinnati
0%
półwysep Delmarva
0%
wyspa Devon
0%
park narodowy Doliny Śmierci
0%
miasto Fargo
0%
szczyt Góra Waszyngtona
0%
park narodowy Great Smoky Mountains
0%
stolica Iqaluit
0%
miasto Jacksonville
0%
park narodowy Jasper
0%
park narodowy Joshua Tree
0%
wyspa Kodiak
0%
szczyt Logan
0%
szczyt Mauna Kea
0%
zbiornik wodny Morze Beauforta
0%
zbiornik wodny Morze Labradorskie
0%
szczyt Mount Elbert
0%
szczyt Mount Hood
0%
szczyt Mount Mitchell
0%
szczyt Mount Rainier
0%
szczyt Mount Robson
0%
szczyt Mount Rushmore
0%
szczyt Mount Saint Elias
0%
szczyt Mount St. Helens
0%
szczyt Mount Thor
0%
szczyt Mount Whitney
0%
rzeka Nelson
0%
miasto Norfolk
0%
półwysep Olympic
0%
miasto Omaha
0%
zbiornik wodny Puget Sound
0%
stolica Regina
0%
jezioro Saint Clair
0%
zbiornik wodny Salish Sea
0%
miasto Sault Ste. Marie
0%
miasto Savannah
0%
rzeka Snake
0%
wyspa Somerset
0%
wyspa Southampton
0%
jezioro Tahoe
0%
stan Terytoria Północno-Wschodnie
0%
stolica Victoria
0%
miasto Wichita
0%
park narodowy Wielkiego Kanionu
0%
stolica Yellowknife
0%
park narodowy Yosemite
0%
zbiornik wodny Zatoka Fundy
0%
park narodowy Zion
0%
Nie znaleziono quizów pasujących do podanych kryteriów
Rozkład punktacji
Procent ludzi z każdym wynikiem
Percentyl według liczby udzielonych odpowiedzi
Twoja historia wyników
Nie rozwiązałeś tego quizu